[Event "27th Kavala Open 2018"]
[Site "Kavala"]
[Date "2018.08.08"]
[Round "5"]
[White "Skaperdas, Kostantinos"]
[Black "Pezelj, Novak"]
[Result "1-0"]
[WhiteElo "2213"]
[BlackElo "2483"]
[Annotator "RC"]
[PlyCount "85"]
[EventDate "2018.08.06"]
[EventType "swiss"]
[EventCountry "GRE"]
[SourceTitle "playchess.com"]
[Source "ChessBase"]
[SourceQuality "1"]
[TimeControl "40/5400+30:900+30"]

1. e4 {[%emt 0:08:16]} Nc6 {[%emt 0:00:15]} 2. Nf3 {[%emt 0:00:55]} e5 {[%emt 0:01:08]} 3. Bb5 {[%emt 0:00:19]} Nge7 {[%emt 0:01:19]} 4. O-O {[%emt 0:03:28]} g6 {[%emt 0:05:59]} 5. c3 {[%emt 0:00:16]} Bg7 {[%emt 0:05:51]} 6. d4 {[%emt 0:02:42]} a6 {[%emt 0:00:48]} 7. Ba4 {[%emt 0:05:33]} b5 {[%emt 0:03:08]} 8. Bc2 {[%emt 0:03:02]} d6 {[%emt 0:05:38]} 9. a4 {[%emt 0:12:55]} Bg4 {[%emt 0:03:12]} 10. axb5 {[%emt 0:03:48]} axb5 {[%emt 0:00:28]} 11. Rxa8 {[%emt 0:00:14]} Qxa8 {[%emt 0:00:10]} 12. d5 {[%emt 0:00:48]} Na7 {[%emt 0:03:09]} 13. Na3 {[%emt 0:07:08]} O-O {[%emt 0:03:15]} 14. h3 {[%emt 0:13:24]} Bd7 {[%emt 0:00:39]} 15. Bg5 {[%emt 0:00:59]} Nec8 {[%emt 0:09:16]} 16. Qd2 {[%emt 0:03:20]} Qb7 {[%emt 0:04:53]} 17. Rd1 {[%emt 0:03:50]} Nb6 {[%emt 0:03:49]} 18. b4 {[%emt 0:02:52]} Ra8 {[%emt 0:01:51]} 19. Bd3 {[%emt 0:04:04]} c6 {[%emt 0:13:56]} 20. dxc6 {[%emt 0:06:56]} Bxc6 {[%emt 0:00:06]} 21. Qe2 {[%emt 0:02:19]} d5 {[%emt 0:07:50]} 22. Nxe5 {[%emt 0:06:49]} dxe4 {[%emt 0:15:48]} 23. Nxc6 {[%emt 0:00:01]} exd3 {[%emt 0:00:09]} 24. Ne7+ {[%emt 0:00:04]} Kf8 {[%emt 0:01:16]} 25. Qxd3 {[%emt 0:02:06]} f6 {[%emt 0:01:10]} 26. Be3 {[%emt 0:00:16]} Kxe7 {[%emt 0:06:04]} 27. Qd6+ {[%emt 0:00:06]} Kf7 {[%emt 0:00:07]} 28. Qxb6 {[%emt 0:01:04]} Qxb6 {[%emt 0:00:22]} 29. Bxb6 {[%emt 0:00:01]} Nc6 {[%emt 0:01:42]} 30. Nxb5 {[%emt 0:00:37]} Rb8 {[%emt 0:00:19]} 31. Nd6+ {[%emt 0:01:05]} Ke6 {[%emt 0:00:04]} 32. Bc7 {[%emt 0:02:31]} Rg8 {[%emt 0:00:53]} 33. b5 {[%emt 0:01:17]} Ne5 {[%emt 0:00:05]} 34. b6 {[%emt 0:00:18]} Kd7 {[%emt 0:00:05]} 35. Nc4+ {[%emt 0:01:53]} Kc8 {[%emt 0:00:19]} 36. Ra1 {[%emt 0:01:19]} Kb7 {[%emt 0:00:10]} 37. Na5+ {[%emt 0:00:43]} Kc8 {[%emt 0:00:33]} 38. Nc4 {[%emt 0:00:53]} Kb7 {[%emt 0:00:06]} 39. Na5+ {[%emt 0:00:01]} Kc8 {[%emt 0:00:04]} 40. Bxe5 {[%emt 0:00:00]} fxe5 {[%emt 0:00:00]} 41. Rb1 {[%emt 0:03:04]} e4 {[%emt 0:00:45]} 42. b7+ {[%emt 0:00:44]} Kc7 {[%emt 0:00:04]} 43. Nc6 {[%emt 0:00:10]} 1-0

[Event "27th Kavala Open 2018"]
[Site "Kavala"]
[Date "2018.08.08"]
[Round "5"]
[White "Nikolaou, Spiridon"]
[Black "Ni, Shiqun"]
[Result "0-1"]
[WhiteElo "2207"]
[BlackElo "2436"]
[Annotator "TA"]
[PlyCount "74"]
[EventDate "2018.08.06"]
[EventType "swiss"]
[EventCountry "GRE"]
[SourceTitle "playchess.com"]
[Source "ChessBase"]
[SourceQuality "1"]

{[%evp 18,74,0,0,0,0,21,-3,0,-4,0,0,0,-13,-6,-14,-6,-10,-10,-8,-5,-79,-79,-101,-103,-138,-134,-137,-139,-134,-134,-134,-134,-135,-130,-135,-135,-149,-127,-198,-198,-197,-197,-250,-224,-292,-258,-414,-375,-440,-432,-486,-407,-1016,-859,-948,-889,-2679,-1965]} 1. Nf3 d5 2. c4 c6 3. d4 Nf6 4. e3 Bg4 5. Nc3 e6 6. Bd3 Nbd7 7. O-O Bd6 8. e4 dxe4 9. Nxe4 Nxe4 {D04: Colle System} 10. Bxe4 {LiveBook: 3 Games} Nf6 11. Bd3 {[%cal Be4d3,Bd3e2,Be2f3][%mdl 32]} (11. Bc2 O-O 12. Bg5 h6 13. Bh4 c5 14. dxc5 Bxc5 15. Qe2 Bxf3 16. Qxf3 Qd4 17. Bxf6 Qxf6 18. Qxf6 gxf6 {½-½ (80) Hernandez Riera,J (2204)-Hurtado Bahamonde,R (2167) Santiago de Chile 2017}) 11... O-O {The position is equal.} 12. Be2 $146 ({Predecessor:} 12. Be3 Qc7 13. h3 Bh5 14. Be2 h6 15. Qc2 Bg6 16. Qc1 Rfe8 17. c5 {1-0 (51) Hoefer,U (1869)-Frueh,G (1462) Saarlouis 2003}) 12... Qc7 13. h3 Bxf3 14. Bxf3 Rfd8 15. Qe2 Bh2+ 16. Kh1 Bf4 ({But not} 16... Rxd4 17. Be3 $14 (17. g3 Bxg3 18. fxg3 Qxg3 $11)) 17. Rd1 Bxc1 18. Raxc1 Qb6 19. Rd3 (19. c5 $1 $11 {remains equal.} Qb4 20. Rc4) 19... Rxd4 $17 20. c5 Qd8 $1 21. Rb3 Qc7 22. Rd1 Rxd1+ 23. Qxd1 Rd8 24. Rd3 Rxd3 25. Qxd3 g6 26. Qa3 a6 27. Qc3 e5 28. Qc4 (28. b4 $17 {was called for.}) 28... Qa5 $19 29. b4 Qa3 30. Kh2 (30. Bg4 $142) 30... Qb2 31. Kg3 h5 32. a4 $2 {[#]} (32. Qe2 {keeps fighting.} Qxb4 33. Qxe5) 32... Qd2 33. h4 Kg7 34. Be2 Nd5 35. b5 (35. Qe4 $142 Qc3+ 36. Kh2) 35... axb5 {Black is clearly winning.} 36. axb5 Nc3 37. Bd3 cxb5 {Precision: White = 38%, Black = 95%.} 0-1

[Event "27th Kavala Open 2018"]
[Site "Kavala"]
[Date "2018.08.08"]
[Round "5"]
[White "Iskos, Alexandros"]
[Black "Tsolakidou, Stavroula"]
[Result "0-1"]
[WhiteElo "2179"]
[BlackElo "2418"]
[Annotator "TA"]
[PlyCount "80"]
[EventDate "2018.08.06"]
[EventType "swiss"]
[EventCountry "GRE"]
[SourceTitle "playchess.com"]
[Source "ChessBase"]
[SourceQuality "1"]

{[%evp 13,80,-3,0,0,0,-8,-5,-27,-24,-29,0,-46,-3,-79,-78,-75,-85,-80,-77,-86,-76,-110,-111,-109,-111,-104,-104,-128,-104,-106,-104,-108,-104,-112,-81,-81,-81,-161,-147,-170,-156,-183,-181,-176,-174,-173,-180,-169,-156,-441,-439,-441,-441,-401,-383,-418,-409,-490,-460,-643,-625,-1660,-1314,-1832,-1810,-1951,-1756,-5214,-5206]} 1. d4 Nf6 2. Bg5 d5 3. Bxf6 exf6 4. e3 Bd6 5. c4 dxc4 6. Bxc4 Nd7 {D00: 1 d4 d5: Unusual lines} (6... f5 7. Nc3 O-O 8. Nf3 Nd7 9. O-O c6 10. Qc2 Nf6 11. a3 Qe7 12. b4 Bd7 13. Bd3 g6 14. Na4 Rad8 15. Nc5 Bc8 16. Bc4 Kg7 17. Rab1 Ne4 {½-½ (50) Korobov,A (2715)-Leko,P (2737) Kiev 2013}) 7. Nc3 c6 {LiveBook: 3 Games} 8. Qc2 f5 $146 {The position is equal.} ({Predecessor:} 8... O-O 9. Bd3 g6 10. Nf3 f5 11. h3 Nf6 12. O-O-O Re8 13. Rdg1 b5 14. g4 fxg4 15. hxg4 {1-0 (25) Popovic,M (2400)-Dorosiev,B (2132) Plovdiv 2009}) 9. g3 Nf6 10. Nge2 Qe7 11. h4 h5 12. Nf4 g6 (12... Bxf4 $5 13. gxf4 O-O $11) 13. a4 (13. O-O $11) 13... Bxf4 $1 $17 14. gxf4 Be6 15. Qb3 Bxc4 16. Qxc4 O-O 17. Qc5 Qxc5 18. dxc5 {[#]} Nd7 $1 19. a5 Nxc5 20. b4 Ne6 21. Ke2 Rfd8 22. Rhb1 Rd7 23. Na4 Nc7 24. Nc5 {[#]} Re7 $1 25. Nxb7 (25. Rd1 $17 {was necessary.}) 25... Nd5 26. a6 Nc3+ 27. Kd3 Nxb1 28. Rxb1 $19 {[%mdl 4096] Endgame KRR-KRN} Rd7+ 29. Kc3 Rd5 30. Ra1 Kf8 31. Ra5 $2 (31. Na5 $17 {is a better defense.}) 31... Rxa5 32. Nxa5 {KR-KN} Rc8 33. Kc4 {intending Kc5.} Ke7 34. Kc5 Kd7 35. Nc4 f6 {Black is clearly winning.} 36. Nd6 Rb8 37. Nb7 {[#]} g5 $1 38. fxg5 fxg5 39. hxg5 h4 {[%cal Bh5h4,Bh4h3][%mdl 32]} 40. Nd6 h3 {Precision: White = 22%, Black = 78%.} 0-1

[Event "27th Kavala Open 2018"]
[Site "Kavala"]
[Date "2018.08.08"]
[Round "5"]
[White "Liodakis, Konstantinos Spyros"]
[Black "Schitco, Ivan"]
[Result "0-1"]
[WhiteElo "2172"]
[BlackElo "2377"]
[Annotator "TA"]
[PlyCount "60"]
[EventDate "2018.08.06"]
[EventType "swiss"]
[EventCountry "GRE"]
[SourceTitle "playchess.com"]
[Source "ChessBase"]
[SourceQuality "1"]

{[%evp 20,60,55,40,54,33,52,62,59,55,131,83,110,48,46,39,41,24,47,0,0,0,-14,-300,-300,-298,-291,-397,-382,-397,-402,-385,-370,-543,-522,-543,-535,-550,-548,-582,-553,-29994,-29995]} 1. e4 d6 2. d4 Nf6 3. Nc3 g6 4. Nge2 c6 5. g3 Bg7 6. Bg2 O-O 7. a4 Nbd7 8. O-O e5 9. h3 Qc7 10. Be3 Re8 11. g4 {LiveBook: 16 Games. B07: Pirc Defence: Miscellaneous Systems} b6 12. Ng3 Ba6 13. Re1 {White is slightly better.} exd4 14. Bxd4 c5 $146 (14... h6 $14) ({Predecessor:} 14... h6 15. Qd2 Rad8 16. Rad1 Kh7 17. f4 Bb7 18. Rf1 Nf8 {1-0 (33) Tischbierek,R (2525)-Janssen,R (2290) Antwerp 1998}) 15. Bxf6 Bxf6 {[#]} 16. e5 (16. Nd5 $1 $16 {[%cal Rd5c7]} Qd8 17. Nxf6+ Qxf6 18. e5 Nxe5 19. Ne4) 16... Bxe5 $14 17. Bxa8 Rxa8 18. Nd5 Qd8 19. f4 (19. c3 $14) 19... Bxb2 $11 20. Ne7+ Kg7 21. g5 $2 {[%mdl 8192] [#]} (21. Kh2 $11 {and White stays safe.}) 21... Ne5 $1 $19 {[%mdl 512]} 22. Nd5 (22. fxe5 Qxe7) 22... Bb7 {[%cal Ba6b7,Bb7d5,Bd5c6][%mdl 32]} 23. Kh2 Bxa1 24. Qxa1 Bxd5 25. fxe5 Qxg5 26. Qd1 (26. Qc3 {might work better.}) 26... Bc6 27. Qxd6 Bxa4 28. e6 Rd8 29. Qc7 Rd2+ 30. Kh1 {[#]} Bc6+ $1 {[%mdl 512] Precision: White = 30%, Black = 71%.} 0-1

[Event "27th Kavala Open 2018"]
[Site "Kavala"]
[Date "2018.08.08"]
[Round "5"]
[White "Kakushadze, Ilia"]
[Black "Bulmaga, Irina"]
[Result "1/2-1/2"]
[WhiteElo "2149"]
[BlackElo "2401"]
[Annotator "TA"]
[PlyCount "64"]
[EventDate "2018.08.06"]
[EventType "swiss"]
[EventCountry "GRE"]
[SourceTitle "playchess.com"]
[Source "ChessBase"]
[SourceQuality "1"]

{[%evp 19,64,-59,34,9,15,-71,-66,-83,-56,-54,-39,-48,-37,-48,0,0,0,3,-10,-4,38,-61,-55,-90,-33,-62,-66,-99,0,0,0,0,0,0,0,0,0,0,0,0,0,0,0,0,0,0,0]} 1. e4 c5 2. Nf3 d6 3. d4 cxd4 4. Nxd4 Nf6 5. Nc3 a6 6. Be3 e5 7. Nb3 Be6 8. f3 Be7 9. Qd2 O-O 10. g4 {B90: Sizilianisch (Najdorf-Variante, Abweichungen)} Nbd7 {LiveBook: 284 Partien} (10... d5 $15 11. exd5 Nxd5 12. Nxd5 Bh4+ 13. Bf2 Bxd5) 11. h4 (11. g5 Nh5 12. O-O-O b5 13. Nd5 Bxd5 14. exd5 f6 15. gxf6 Bxf6 16. Kb1 Nf4 17. Rg1 Kh8 18. Bd3 Bg5 19. Na5 Bh6 20. Nc6 Qh4 21. Qb4 {½-½ (49) Caruana,F (2784)-Mamedyarov,S (2809) Berlin 2018}) 11... b5 {[%cal Bb7b5,Bb5b4][%mdl 32]} 12. h5 (12. a3 $11 {bleibt in der Remisbreite.}) 12... b4 $17 13. Nd5 {[#]} Bxd5 $1 14. exd5 Nb6 15. Bxb6 $1 Qxb6 16. g5 Ne8 (16... Nd7 $15) 17. O-O-O $1 $11 a5 $36 {[%mdl 2048] Weiss steht unter Druck.} 18. Kb1 $1 a4 $146 19. Nc1 f6 20. gxf6 (20. g6 $14) 20... Bxf6 21. Bd3 e4 (21... a3 $17 22. bxa3 e4 23. Bxe4 Nc7) 22. Bxe4 $15 Nc7 $1 {[%cal Rc7b5] Und weiter mit ...Sb5 wäre nett.} 23. Rhg1 {Droht Dh6 und aus.} Nb5 ({Lieber} 23... Kh8 $17 {zielt auf ...Sb5 ab.} 24. h6 g6) 24. Qh6 $1 $11 {Die Stellung ist ausgeglichen.} ({Vergiftet wäre} 24. Qxb4 $2 {[#]} Bc3 $1 $19 {[%mdl 512]}) 24... Nc3+ $1 25. bxc3 bxc3+ 26. Nb3 $1 axb3 27. cxb3 Rxa2 {[#]} 28. Rxg7+ $1 {[%mdl 512]} Bxg7 29. Qxh7+ Kf7 30. Qg6+ Kg8 31. Qh7+ Kf7 32. Qg6+ Kg8 {Precision: Weiß = 57%, Schwarz = 56%.} 1/2-1/2

[Event "27th Kavala Open 2018"]
[Site "Kavala"]
[Date "2018.08.08"]
[Round "5"]
[White "Papadopoulos, Georgios"]
[Black "Theodorou, Nikolas"]
[Result "0-1"]
[WhiteElo "1726"]
[BlackElo "2532"]
[Annotator "TA"]
[PlyCount "130"]
[EventDate "2018.08.06"]
[EventType "swiss"]
[EventCountry "GRE"]
[SourceTitle "playchess.com"]
[Source "ChessBase"]
[SourceQuality "1"]

{[%evp 19,130,35,35,27,29,21,21,27,88,93,89,17,134,129,117,92,302,285,289,281,292,302,542,526,504,493,629,602,587,585,591,192,199,183,199,193,331,260,263,264,251,198,186,190,192,178,170,180,158,140,125,56,70,35,39,37,34,25,72,18,24,0,38,33,31,31,72,102,89,-78,-63,-54,-15,-214,-214,-174,0,-102,-102,-105,-105,-106,-101,-120,-120,-120,-120,-127,-119,-123,-123,-282,-282,-274,-264,-257,-251,-354,-246,-588,-549,-348,-587,-728,-647,-733,-569,-740,-740,-719,-685,-535,-482]} 1. d4 Nf6 2. Bf4 g6 3. Nc3 d5 4. e3 Bg7 5. h4 c6 (5... h5 6. Nf3 Bg4 7. Be2 Bxf3 8. Bxf3 c6 9. Qd2 Nbd7 10. O-O-O b5 11. Kb1 {½-½ (34) Aronian,L (2797)-Vachier Lagrave,M (2793) Caleta 2018}) 6. Be2 {A45: Trompowsky Attack} h5 7. Nf3 O-O 8. Qd2 Nbd7 9. Ne5 Nxe5 10. Bxe5 b5 {LiveBook: 5 Games} 11. f3 $1 a5 12. O-O-O a4 $146 ({Predecessor:} 12... Ba6 13. g4 hxg4 14. h5 Nd7 15. Bxg7 Kxg7 16. e4 {½-½ (48) Bannink,B (2215)-Saltaev,M (2480) Dresden 1999}) 13. a3 Qb6 (13... Qa5 $11) 14. Na2 $1 $16 Bf5 15. Bd3 (15. Nb4 $16) 15... Bd7 (15... Bxd3 $11 {keeps the balance.} 16. Qxd3 Ne8) 16. g4 c5 ({Not} 16... hxg4 17. h5 $1 $15 {[%mdl 512]}) 17. dxc5 Qe6 $2 (17... Qxc5 $16 18. Bxf6 exf6) 18. Bd4 $1 $18 hxg4 {[#]} 19. h5 $1 {[%mdl 512]} Nxh5 ({Worse is} 19... gxh5 20. fxg4 hxg4 21. Nb4 $16) 20. fxg4 Nf6 $2 (20... Qxg4 {was called for.} 21. Rdg1 Qf3) 21. Qh2 Rfc8 22. Be2 g5 23. Bd3 Qc6 24. Nb4 Qc7 25. Qxc7 $2 (25. Be5 Qxc5 26. Nxd5 $1 {[%mdl 512]}) 25... Rxc7 {[#]} 26. Bxf6 $1 Bxf6 27. Nxd5 Raa7 (27... Rca7 {keeps fighting.} 28. Rdf1 Be6) 28. Nxc7 Rxc7 29. Be4 {Black must now prevent c6!} e6 30. Rh7 Bc6 31. Bd3 Be7 32. Rh3 Bxc5 33. Kd2 b4 34. axb4 Bxb4+ 35. Ke2 (35. c3 $16 Be7 36. Ra1) 35... Rb7 $14 36. b3 {bxa4 is the strong threat.} a3 37. Ra1 Ra7 38. Ra2 Ra5 39. Rg3 (39. e4 $16) 39... Kg7 $11 40. Rg1 Bc3 41. e4 Ra8 42. Rb1 Bb4 {[#]} 43. c3 $1 Rh8 {With the idea ...Rh2+.} (43... Bxc3 44. Rc1) 44. Kd2 $2 (44. Rf1 $16 {stays on course.} Bc5 45. Kd1) 44... Rh2+ $17 45. Be2 Bxe4 46. Re1 $2 (46. cxb4 $11 {and White is okay.} Bxb1 47. Rxa3) 46... Bd6 $19 47. b4 Rh3 $2 (47... Bf4+ $19 48. Kd1 Rh8) 48. Rxa3 (48. Bf1 $11 Bf4+ 49. Kd1 Bf3+ 50. Kc2) 48... Bxb4 $1 $17 49. cxb4 Rxa3 $11 {[%mdl 4096] Endgame KRB-KRB} 50. Bc4 Bb7 51. Re5 Kf6 52. Ra5 Rg3 53. Be2 Rb3 54. b5 Bd5 55. Bd1 $2 (55. Ra7 $17) 55... Rb4 $19 56. Kc3 Rc4+ 57. Kd3 Ke5 58. Ra7 (58. Bf3 {might work better.}) 58... f6 59. Bb3 $2 (59. Be2 {is tougher.}) 59... Rxg4 60. Bxd5 Kxd5 {KR-KR} ({But not} 60... exd5 61. Re7+ Kd6 62. Rf7 $19) 61. b6 {Black is clearly winning.} Rb4 62. Rd7+ Kc6 63. Re7 Kd6 64. Rf7 f5 65. b7 g4 {Precision: White = 45%, Black = 57%.} 0-1

[Event "27th Kavala Open 2018"]
[Site "Kavala"]
[Date "2018.08.08"]
[Round "6"]
[White "Theodorou, Nikolas"]
[Black "Dimitrov, Radoslav"]
[Result "1/2-1/2"]
[WhiteElo "2532"]
[BlackElo "2518"]
[Annotator "ChessBase"]
[PlyCount "136"]
[EventDate "2018.08.06"]
[EventType "swiss"]
[EventCountry "GRE"]
[SourceTitle "playchess.com"]
[Source "ChessBase"]
[SourceQuality "1"]
[TimeControl "40/5400+30:900+30"]

1. Nf3 {[%emt 0:03:30]} Nf6 {[%emt 0:00:07]} 2. c4 {[%emt 0:00:07]} e6 {[%emt 0:00:06]} 3. g3 {[%emt 0:00:36]} a6 {[%emt 0:00:16]} 4. Bg2 {[%emt 0:01:02]} b5 {[%emt 0:00:15]} 5. b3 {[%emt 0:00:45]} Bb7 {[%emt 0:00:35]} 6. O-O {[%emt 0:00:22]} c5 {[%emt 0:01:52]} 7. Nc3 {[%emt 0:03:21]} Qb6 {[%emt 0:19:27]} 8. Re1 {[%emt 0:10:01]} Nc6 {[%emt 0:16:08]} 9. e4 {[%emt 0:05:39]} d6 {[%emt 0:00:21]} 10. Nd5 {[%emt 0:00:22]} exd5 {[%emt 0:03:40]} 11. exd5+ {[%emt 0:00:03]} Ne5 {[%emt 0:10:31]} 12. d4 {[%emt 0:03:32]} cxd4 {[%emt 0:00:03]} 13. Bb2 {[%emt 0:09:52]} Be7 {[%emt 0:08:50]} 14. Bxd4 {[%emt 0:00:43]} Nxf3+ {[%emt 0:05:57]} 15. Bxf3 {[%emt 0:00:02]} Qd8 {[%emt 0:00:13]} 16. Bxf6 {[%emt 0:26:43]} gxf6 {[%emt 0:00:02]} 17. Bh5 {[%emt 0:16:24]} f5 {[%emt 0:02:26]} 18. Qd3 {[%emt 0:06:24]} O-O {[%emt 0:00:19]} 19. Qxf5 {[%emt 0:00:18]} Bc8 {[%emt 0:01:09]} 20. Qf3 {[%emt 0:00:20]} Bf6 {[%emt 0:01:03]} 21. Rad1 {[%emt 0:01:39]} bxc4 {[%emt 0:02:38]} 22. bxc4 {[%emt 0:00:05]} Bg7 {[%emt 0:04:35]} 23. Re4 {[%emt 0:00:27]} f5 {[%emt 0:04:51]} 24. Re2 {[%emt 0:00:08]} f4 {[%emt 0:00:19]} 25. g4 {[%emt 0:01:15]} Bd7 {[%emt 0:01:21]} 26. c5 {[%emt 0:04:25]} Bb5 {[%emt 0:06:10]} 27. Re6 {[%emt 0:00:46]} dxc5 {[%emt 0:00:36]} 28. d6 {[%emt 0:00:01]} Kh8 {[%emt 0:04:08]} 29. Re7 {[%emt 0:02:13]} Bf6 {[%emt 0:00:01]} 30. Rc7 {[%emt 0:01:25]} Rc8 {[%emt 0:00:26]} 31. g5 {[%emt 0:01:55]} Bd4 {[%emt 0:02:23]} 32. Re7 {[%emt 0:00:34]} Rf5 {[%emt 0:02:03]} 33. Qg4 {[%emt 0:00:42]} Qf8 {[%emt 0:00:43]} 34. d7 {[%emt 0:00:07]} Rd8 {[%emt 0:01:04]} 35. Rde1 {[%emt 0:00:01]} Bxd7 {[%emt 0:01:59]} 36. Rxd7 {[%emt 0:01:15]} Rxd7 {[%emt 0:00:19]} 37. Re8 {[%emt 0:00:01]} Qxe8 {[%emt 0:00:13]} 38. Bxe8 {[%emt 0:00:02]} Rxg5 {[%emt 0:00:29]} 39. Bxd7 {[%emt 0:01:14]} Rxg4+ {[%emt 0:00:03]} 40. Bxg4 {[%emt 0:00:00]} Kg7 {[%emt 0:00:00]} 41. Kf1 {[%emt 0:07:18]} c4 {[%emt 0:01:24]} 42. Ke2 {[%emt 0:00:36]} Kf6 {[%emt 0:00:13]} 43. Bc8 {[%emt 0:04:23]} a5 {[%emt 0:00:06]} 44. Ba6 {[%emt 0:00:09]} c3 {[%emt 0:00:05]} 45. Kd3 {[%emt 0:00:27]} Bxf2 {[%emt 0:14:15]} 46. Kxc3 {[%emt 0:00:02]} Bg1 {[%emt 0:00:08]} 47. h3 {[%emt 0:00:13]} Kg5 {[%emt 0:00:01]} 48. Kd3 {[%emt 0:05:35]} Kh4 {[%emt 0:00:14]} 49. Ke2 {[%emt 0:01:47]} Kxh3 {[%emt 0:00:44]} 50. Kf3 {[%emt 0:00:01]} Be3 {[%emt 0:01:12]} 51. a4 {[%emt 0:00:24]} Kh4 {[%emt 0:00:35]} 52. Bc8 {[%emt 0:00:05]} Kg5 {[%emt 0:00:06]} 53. Bh3 {[%emt 0:00:45]} Kf6 {[%emt 0:00:08]} 54. Bc8 {[%emt 0:00:21]} Ke5 {[%emt 0:00:07]} 55. Bh3 {[%emt 0:00:17]} Bc5 {[%emt 0:00:06]} 56. Bg4 {[%emt 0:00:15]} Bd6 {[%emt 0:00:29]} 57. Bh3 {[%emt 0:00:10]} h5 {[%emt 0:00:11]} 58. Bc8 {[%emt 0:00:17]} Kd4 {[%emt 0:00:08]} 59. Bh3 {[%emt 0:00:49]} Ke5 {[%emt 0:01:02]} 60. Bc8 {[%emt 0:00:07]} Be7 {[%emt 0:00:06]} 61. Bh3 {[%emt 0:00:22]} Bg5 {[%emt 0:00:08]} 62. Bc8 {[%emt 0:00:52]} Kd4 {[%emt 0:00:13]} 63. Bh3 {[%emt 0:00:08]} Kc5 {[%emt 0:00:05]} 64. Bc8 {[%emt 0:00:54]} h4 {[%emt 0:01:00]} 65. Kg4 {[%emt 0:00:42]} Kd4 {[%emt 0:02:58]} 66. Kxg5 {[%emt 0:00:22]} f3 {[%emt 0:00:04]} 67. Kxh4 {[%emt 0:00:33]} f2 {[%emt 0:00:09]} 68. Ba6 {[%emt 0:00:37]} Kc5 {[%emt 0:00:11]} 1/2-1/2

[Event "27th Kavala Open 2018"]
[Site "Kavala"]
[Date "2018.08.08"]
[Round "6"]
[White "Plat, Vojtech"]
[Black "Petrov, Martin"]
[Result "1-0"]
[WhiteElo "2524"]
[BlackElo "2456"]
[Annotator "TA"]
[PlyCount "115"]
[EventDate "2018.08.06"]
[EventType "swiss"]
[EventCountry "GRE"]
[SourceTitle "playchess.com"]
[Source "ChessBase"]
[SourceQuality "1"]

{[%evp 25,115,0,0,0,0,0,14,0,0,0,41,41,87,87,87,87,82,91,89,91,79,87,78,89,93,91,106,106,145,136,170,99,105,117,166,165,163,141,177,176,186,100,98,-536,244,217,227,139,130,122,136,131,169,168,160,148,160,116,146,129,745,689,843,828,776,766,1288,1081,2233,2167,12832,12833,12834,12835,12835,12835,12839,12835,12843,12842,12845,12844,12844,12845,12845,12845,12846,12847,12847,12847,12848,12848]} 1. d4 Nf6 2. c4 e6 3. Nf3 b6 4. g3 Ba6 5. b3 Bb4+ 6. Bd2 Be7 7. Nc3 O-O 8. Bg2 d5 9. cxd5 exd5 10. O-O Nbd7 {[%cal Bb8d7,Bd7f8,Bf8e6][%mdl 32]} 11. Ne5 Bb7 12. Bf4 {E15: Queen's Indian: 4 g3 sidelines, 4 g3 Ba6 and 4 g3 Bb7 early deviations} Re8 13. Rc1 Nf8 {LiveBook: 23 Games} 14. Nd3 {The position is equal.} Ne6 15. Be5 c6 16. Bxf6 Bxf6 17. e3 {[#]} Rc8 $146 ({Predecessor:} 17... a5 18. Qd2 g6 19. Rc2 Ng7 20. Bh3 c5 21. dxc5 d4 22. exd4 {½-½ (22) Roiz,M (2600)-Motylev,A (2632) Khanty-Mansiysk 2005}) 18. b4 c5 19. bxc5 bxc5 20. Nxc5 Nxc5 21. dxc5 Rxc5 22. Ne4 Rxc1 23. Nxf6+ Qxf6 24. Qxc1 Rc8 25. Qd2 Qf5 26. Qa5 Qd3 27. Qxa7 Ba6 28. Qd7 (28. a4 $18) 28... g6 29. h4 Kg7 30. Qd6 Re8 31. Qb6 d4 32. exd4 Re2 {[#]} 33. Qa5 (33. a4 $1 $18) 33... Bc4 $16 34. Re1 $2 {[%mdl 8192]} (34. Qc5 $16 {keeps the pressure on.}) 34... Qxd4 $4 {[%mdl 8192]} (34... Qf5 $19 35. Rxe2 Qxa5) 35. Rxe2 $18 Bxe2 36. Qe1 Bb5 37. a3 h6 38. Qb4 Qa1+ 39. Kh2 Bd7 40. Bd5 {Qe7 is the strong threat.} Qe5 41. Qe4 Qd6 42. Qf3 Be6 $2 {[%mdl 8192]} (42... f6 $16 43. h5 g5) 43. Bxe6 {White is clearly winning.} Qxe6 {[%mdl 4096] Endgame KQ-KQ} 44. Qc3+ Kh7 45. a4 {[%cal Ba3a4,Ba4a5,Ba5a6,Ba6a7][%mdl 32]} Qa2 46. Qd4 h5 47. Qa7 Qd5 48. a5 g5 {[#]} 49. hxg5 $1 h4 50. gxh4 Kg6 51. Qc7 Kh5 52. a6 Qa2 53. Kg3 Qb3+ 54. f3 {[%cal Bf2f3,Bf3f4][%mdl 32]} Qe6 55. Qc3 {White wants to mate with a7.} Qd6+ 56. f4 {Qh8+ would kill now.} f6 57. a7 fxg5 58. Qf3+ {Precision: White = 68%, Black = 24%.} 1-0